Statistics for All WWE Royal Rumble Winners

Click here to take the quiz!

General Stats

  • This quiz has been taken 18 times
  • The average score is 21 of 43

Answer Stats

Hint
Answer% Correct
2023 MCody Rhodes
90%
2014Batista
70%
Greatest Royal RumbleBraun Strowman
70%
2022 MBrock Lesnar
70%
2023 FRhea Ripley
70%
2018 MShinsuke Nakamura
70%
2018 FAsuka
60%
2005Batista
60%
2019 FBecky Lynch
60%
2021 FBianca Belair
60%
2020 FCharlotte Flair
60%
2020 MDrew Mcintyre
60%
2021 MEdge
60%
2013John Cena
60%
2015Roman Reigns
60%
2016Triple H
60%
2011Alberto Del Rio
50%
2004Chris Benoit
50%
2008John Cena
50%
2017Randy Orton
50%
2019 MSeth Rollins
50%
2012Sheamus
50%
2001Stone Cold
50%
2002Triple H
50%
2007Undertaker
50%
2003Brock Lesnar
40%
2010Edge
40%
2009Randy Orton
40%
2006Rey Mysterio
40%
2022 FRonda Rousey
40%
1996Shawn Michaels
40%
1995Shawn Michaels
40%
1998Stone Cold
40%
1994Lex Luger
30%
1992Ric Flair
30%
1997Stone Cold
30%
2000The Rock
30%
1999Vince McMahon
30%
1993Yokozuna
30%
1991Hulk Hogan
20%
1990Hulk Hogan
20%
1988Jim Duggan
20%
1989John Studd
10%

Score Distribution

Percentile by Number Answered

Percent of People with Each Score

Your Score History

You have not taken this quiz